Movie by Fictional Prequel Quiz Stats

Quiz Updated Dec 10, 2012

Also try: Movies By Lego
Challenge
Share
Tweet
Embed
Score 0/24 Timer 05:00
0 Plays Today
'Prequel' Name Movie % Correct
Thursday the 12thFriday the 13th
96.3%
October 30thHalloween
91.6%
11:59 AMHigh Noon
67.5%
U for UnrestV for Vendetta
66%
Geppetto Gets LonelyPinocchio
64.8%
Getting DrunkThe Hangover
63.7%
TomorrowThe Day After Tomorrow
62.2%
Funnel CloudTwister
61.2%
Getting Down on One KneeThe Proposal
60.3%
Mr. Lee and Mr. Patel Get HungryHarold and Kumar go to White Castle
57.9%
WolfgangAmadeus
54%
$100,000 ConceptionMillion Dollar Baby
51.5%
'Prequel' Name Movie % Correct
WarmthHeat
44%
Waning CrescentNew Moon
43.2%
The Decent CaptureThe Great Escape
41.7%
Martians PlanMars Attacks!
40.2%
The Pharaoh's FuneralThe Mummy
36.7%
The Immaculate Low Pressure SystemThe Perfect Storm
36.1%
Unemployed WomanWorking Girl
35.2%
The Large NyquilThe Big Sleep
34.8%
Packing for the StatesComing to America
34.1%
Giant RoeBig Fish
26.6%
The StartersThe Replacements
25.7%
DDEJFK
9.7%

You're not logged in!

Compare scores with friends on all Sporcle quizzes.
Sign Up with Email
OR
Log In

You Might Also Like...

Show Comments

Extras

Top Quizzes Today


Score Distribution

Your Account Isn't Verified!

In order to create a playlist on Sporcle, you need to verify the email address you used during registration. Go to your Sporcle Settings to finish the process.